Statistics for NASCAR Cup Winners at Talladega Superspeedway

Click here to take the quiz!

General Stats

  • This quiz has been taken 1,000 times
    (249 since last reset)
  • The average score is 76 of 108

Answer Stats

HintAnswer% Correct
1983 | 1984 | 1990 | +5 othersDale Earnhardt
99%
2001 | 2002 | 2003 | +2 othersDale Earnhardt Jr
99%
2006 | 2011Jimmie Johnson
92%
2008 | 2023Kyle Busch
90%
1974 | 1983Richard Petty
90%
2009 | 2012 | 2014 | +3 othersBrad Keselowski
89%
2015 | 2016 | 2018Joey Logano
89%
1996 | 2000 | 2004 | +2 othersJeff Gordon
88%
2019 | 2022Chase Elliott
87%
2019 | 2020Ryan Blaney
87%
1985 | 1987Bill Elliott
84%
2014 | 2020Denny Hamlin
83%
2003Michael Waltrip
83%
1977 | 1979 | 1982Darrell Waltrip
82%
2010Kevin Harvick
82%
2021Bubba Wallace
78%
1971 | 1979 | 1981 | 1986Bobby Allison
75%
2012Matt Kenseth
75%
2017Ricky Stenhouse Jr
75%
2008Tony Stewart
75%
1987 | 1989 | 1992Davey Allison
74%
1971 | 1977Donnie Allison
72%
1978 | 1984 | 1985Cale Yarborough
66%
1995 | 1997Mark Martin
65%
2022Ross Chastain
65%
1998 | 2005Dale Jarrett
63%
1972 | 1973 | 1974David Pearson
61%
2009 | 2013Jamie McMurray
59%
1998Bobby Labonte
58%
1995 | 1996Sterling Marlin
57%
1989 | 1997Terry Labonte
57%
2010 | 2011Clint Bowyer
55%
2018Aric Almirola
51%
2006Brian Vickers
49%
1988Phil Parsons
46%
1992 | 1993Ernie Irvan
44%
2001Bobby Hamilton
41%
1975 | 1976 | 1980Buddy Baker
40%
2013David Ragan
40%
1970Pete Hamilton
40%
1969Richard Brickhouse
29%
1991Harry Gant
28%
1994Jimmy Spencer
28%
1988Ken Schrader
26%
1980Neil Bonnett
25%
1981Ron Bouchard
19%
1986Bobby Hillin Jr
16%
1976Dave Marcis
15%
1973Dick Brooks
13%
1978Lennie Pond
13%
1972James Hylton
10%

Score Distribution

Percentile by Number Answered

Percent of People with Each Score

Your Score History

You have not taken this quiz since the last reset